zufällige deutsche lyrics #02 - Statistiken

Allgemein
  • Dieses Quiz wurde 643 mal gespielt
  • Das Durchschnittsergebnis liegt bei 74 aus 230
Antwortstatistiken
Antwort % Korrekt
Ich
97%
ich
97%
du
95%
Du
95%
wir
83%
Wir
83%
das
76%
die
76%
und
76%
es
73%
Es
73%
Liebe
68%
sind
63%
wie
62%
den
59%
ein
59%
war
59%
wo
58%
Wo
58%
ist
57%
so
57%
für
54%
was
54%
zu
53%
uns
52%
im
51%
dich
50%
nicht
50%
will
49%
Will
49%
mir
48%
in
46%
In
46%
dass
45%
dein
45%
mich
40%
mit
40%
auf
39%
nur
36%
immer
35%
nie
32%
seh
32%
deine
31%
ja
31%
mal
30%
Mal
30%
mehr
30%
um
30%
bei
29%
dem
29%
Oh
28%
oh
28%
hin
27%
sag
27%
Tag
27%
Unser
26%
willst
26%
sehe
24%
wird
22%
Wird
22%
wissen
21%
Zeit
21%
wieso
20%
aus
18%
warst
17%
weißt
17%
wieder
17%
zwei
17%
Seit
16%
bleibt
15%
Hoch
15%
Augen
13%
Brauch
13%
warn
12%
deinem
10%
ersten
10%
ewig
10%
Blau
9%
Herzen
9%
Schau
9%
verlieren
8%
brenn
7%
ins
7%
vergehen
7%
tief
6%
brechen
5%
darauf
5%
Darauf
5%
kalt
5%
seh'n
5%
Tränen
5%
Boden
4%
Eis
4%
Gesicht
4%
irgendwann
4%
Kontrolle
4%
letzter
4%
Schatten
4%
unsre
4%
Unsre
4%
warten
4%
Zorn
4%
Glas
3%
Porzellan
3%
Provinz
3%
soll'n
3%
vergeh'n
3%
Wagen
3%
werfen
3%
Autolicht
2%
brennst
2%
dei'm
2%
drücken
2%
dunkle
2%
friere
2%
kaltes
2%
Kipp
2%
Oktober
2%
Schau'n
2%
Zorn & Liebe
2%
Keine übereinstimmenden Quizze gefunden
Verteilung der Resultate
Anzahl Personen mit jedem Resultat
Perzentil nach korrekt beantworteten Fragen
Ihre Resultats-Entwicklung
Sie haben dieses Quiz noch nicht gespielt